| 000 | 01091nam a2200241Ia 4500 | ||
|---|---|---|---|
| 999 |
_c47173 _d47173 |
||
| 001 | 14031 | ||
| 003 | GE_BSU | ||
| 005 | 20241028163318.0 | ||
| 008 | 181216s||||||||xx |||||||||||||| ||und|| | ||
| 020 | _a9789941153495 | ||
| 040 | _cGE_BSU | ||
| 041 | _ageo | ||
| 080 | _a821.353.1-31 ო-93 | ||
| 245 |
_a21-ე საუკუნის ქართული მოთხრობა : _bანთოლოგია / _c[შემდგ. ბაკურ სულაკაური ; რედ. თეა ქიტოშვილი]. |
||
| 250 | _a[I-ლი გამოც.] | ||
| 264 |
_aთბილისი : _bბაკურ სულაკაურის გამ-ბა, _c2011. |
||
| 300 |
_a492 გვ. ; _c24 სმ. |
||
| 541 | _h22ლ. | ||
| 653 | _a21-ე საუკუნის ქართული მოთხრობა ანთოლოგია | ||
| 700 |
_aსულაკაური, ბაკურ _eშემდგენელი _913805 |
||
| 700 |
_aქიტოშვილი, თეა _eრედაქტორი _923529 |
||
| 942 |
_cBK _2udc |
||